000 00424pab a2200169 454500
008 180718b2014 xxu||||| |||| 00| 0 eng d
100 _aKanunjna, D.
245 _aBeginning of university education: The Indian context
260 _c2014
300 _ap.89-92.
362 _a17 Feb
650 _aHigher education - India
650 _aHigher education
773 _aUniversity News
908 _aN
909 _a103066
999 _c103063
_d103063